Archiwum Ringelbluma

Titel: Archiwum Ringelbluma : konspiracyjne Archiwum Getta Warszawy / Żydowski Instytut Historyczny im. Emanuela Ringelbluma
Teil: Tom 22. Prasa getta warszawskiego : wiadomości z nasłuchu radiowego / opracowali Maria Ferenc Piotrowska, Franciszek Zakrzewski
Beteiligt: ;
Körperschaft:
Ausgabe: Wydanie 1
Veröffentlicht: Warszawa : Żydowski Instytut Historyczny im. Emanuela Ringelbluma, 2016
Umfang: XLVII, 364 Seiten : Karten + 1 CD-ROM (12 cm)
Format: Buch
Sprache: Polnisch
Schriftenreihe/
mehrbändiges Werk:
Archiwum Ringelbluma / Żydowski Instytut Historyczny im. Emanuela Ringelbluma ; Tom 22
alle Bände anzeigen
RVK-Notation:
Schlagworte:
ISBN: 9788361850441 ; 9788365254313
Buchumschlag
X
alg: 40091714
001A    $03004:28-03-17 
001B    $01999:09-05-25 $t19:07:43.000 
001C    $00030:30-05-17 $t09:38:59.000 
001D    $03004:28-03-17 
001U    $0utf8 
001X    $00 
002@    $0Afu 
002C    $aText $btxt $2rdacontent 
002D    $aohne Hilfsmittel zu benutzen $bn $2rdamedia 
002E    $aBand $bnc $2rdacarrier 
003@    $0400917149 
003O    $0982581190 $aOCoLC 
004A    $A978-83-61850-44-1 $fARG 
004A    $A978-83-65254-31-3 $fŻIH 
007A    $0400917149 $aHEB 
009P    $qapplication/pdf $A2 $3Inhaltsverzeichnis $uhttp://scans.hebis.de/HEBCGI/show.pl?40091714_toc.pdf $mV:DE-603;B:DE-26 
010@    $apol 
010E    $erda 
011@    $a2016 
021A    $aPrasa getta warszawskiego $dwiadomości z nasłuchu radiowego $hopracowali Maria Ferenc Piotrowska, Franciszek Zakrzewski 
028C    $BMitwirkender $4ctb $7 $8Ferenc Piotrowska, Maria [Tnx] $9400916479 
028C    $BMitwirkender $4ctb $7 $8Zakrzewski, Franciszek [Tn3] $9400916541 
029F    $BHerausgebendes Organ $RŻydowski Instytut Historyczny $#Żydowski Instytut Historyczny imienia Emanuela Ringelbluma $#Emanuel Ringelblum Jewish Historical Institute $#Jüdisches Historisches Institut Warschau $#ŻIH im E. Ringelbluma $4isb $71024263738 $8Żydowski Instytut Historyczny im. Emanuela Ringelbluma [Tb1] $9305486640 
032@    $aWydanie 1 
033A    $pWarszawa $nŻydowski Instytut Historyczny im. Emanuela Ringelbluma 
034D    $aXLVII, 364 Seiten 
034K    $a1 CD-ROM (12 cm) 
034M    $aKarten 
036C    $aArchiwum Ringelbluma $dkonspiracyjne Archiwum Getta Warszawy $x222 $hŻydowski Instytut Historyczny im. Emanuela Ringelbluma $lTom 22 
036D    $x222 $8Archiwum Ringelbluma : konspiracyjne Archiwum Getta Warszawy / Żydowski Instytut Historyczny im. Emanuela Ringelbluma. [Eleonora Bergman (koordynator) ; Tadeus Epsztein] $9059766867 
037A    $aLiteraturverzeichnis: Seite 334-337 
044K    $RWarszawa $#Warschau $#Warszawa $#Warszowa $#Varšava $#Varsovia $#Varsavia $#Varšavaq $#Varsó $#Miasto Stołeczne Warszawa $#Varsovie $#Warsaw $#Varšava $#Varšuva $#Varssavi $74079048-4 $8Warschau [Tg1] $9085224332 
044K    $RJudenviertel $RJuden $#Jewish ghettos $#Quartiers juifs $#Ghetto $#Ghetto $#Gettos $#Ghettos $#Judenghetto $#Judengetto $#Juden Ghetto $#Juden Getto $74157319-5 $8Getto [Ts1] $908567575X 
044K    $RPresse $RUntergrundpublizistik $#Underground literature $#Underground newspapers $#Underground press publications $#Presse clandestine $#Presse alternative $#Prensa clandestina $#Illegale Presse $#Untergrundzeitung $74186985-0 $8Untergrundpresse [Ts1] $9085915378 
044K    $RMassenmedien $RPublizistik $#Broadcasting $#Communication audiovisuelle $#radio $#Rundfunk $#Rundfunk $#Hörfunk/Fernsehen $74050963-1 $8Rundfunk [Ts1] $9085142085 
045E    $c290 
045Z    $8NQ 4700 [Tkv] $9410914851 
046L    $aEnglische Zusammenfassung 

lok: 40091714 3
101B    $026-09-19 $t11:42:19.000 
101C    $008-05-17 
101U    $0utf8 
144Z/20 $aj17mai 
145S/01 $a770 
145Z/01 $a900 T 246 U Warschau / Ghetto 
145Z/02 $a900 T 100 De 5230 Ringelblum 
145Z/03 $a900 T 246 Hs 0500 

exp: 40091714 3 1 #EPN
201B/01 $008-05-17 $t10:38:57.000 
201C/01 $008-05-17 
201U/01 $0utf8 
203@/01 $0806515694 
208@/01 $a08-05-17 $bzAa 
209A/01 $aAVM 22/5308 $du $f000 $hAVM 22 5308 $x00 
209B/01 $a104 $x05 
209G/01 $a67049942 $x00 
247C/01 $8601000-3 <30>Frankfurt, Universitätsbibliothek J. C. Senckenberg, Zentralbibliothek (ZB) $9102598258 

lok: 40091714 24

exp: 40091714 24 1 #EPN
201B/01 $028-03-17 $t12:04:59.000 
201C/01 $028-03-17 
201U/01 $0utf8 
203@/01 $080363353X 
208@/01 $a28-03-17 $bz 
209A/01 $aMk 801 $du $f050 $hMK 801 $x00 
209C/01 $a17.01119 K - Buch $h17 01119 K 
209C/01 $a17.01120 K - DVD-ROM $h17 01120 K 
209G/01 $a73797985 $x00 
220C/01 $aho-sz 
247C/01 $8358050-7 Marburg, Bibliothek des Herder-Instituts Marburg $9102600961 

lok: 40091714 66

exp: 40091714 66 1 #EPN
201B/01 $022-05-18 $t12:54:55.000 
201C/01 $022-05-18 
201U/01 $0utf8 
203@/01 $01022378058 
208@/01 $a22-05-18 $bz 
209A/01 $aG Arch/T-22 $du $f000 $x00 
209C/01 $a17/k1832 
247C/01 $8618123-5 Darmstadt, Bibliothek des Deutschen Polen-Instituts $9102600902 

lok: 40091714 78

exp: 40091714 78 1 #EPN
201B/01 $007-07-17 $t14:42:14.000 
201C/01 $007-07-17 
201U/01 $0utf8 
203@/01 $01003200087 
208@/01 $a07-07-17 $be 
209A/01 $a/ $f000 $x00 
209A/01 $ab*p $x01 
220C/01 $apgar 
244Z/01 $#Generalgouvernement Polen $#Polska $#Rzeczpospolita Polska $#Polska Rzeczpospolita Ludowa $#Poland $#Pologne $#République Polonaise $#Generalne Gubernatorstwo w Polsce $#Polish People's Republic $#Polska Rzeczpospolita Polen $#PRL $#RP $#Polen Generalgouvernement $#Polska Generalgouvernement $#Besetzte Polnische Gebiete $#Besetztes Gebiet in Polen $#Okupowane Polskie Obszary $#Obszary Okupowane w Polsce $#Volksrepublik Polen $#Polska Rosyjska $#Republic Polen $#Respublika Pol'ša $#Pol'skaja Narodnaja Respublika $#République de Pologne $#Polen Links der Weichsel $#Polska po Lewej Stronie Wisły $#Lenkija $#Polija $#Gubernija Carstva Pol'skago $#Republik Polen $74046496-9 $8--Tg1--Polen $x01 $9085129801 
247C/01 $82080>Marburg/Lahn, Herder-Institut, Forschungsbibliothek, Bibliographieportal $9336309341 

lok: 40091714 204

exp: 40091714 204 1 #EPN
201B/01 $010-05-17 $t11:14:04.000 
201C/01 $030-03-17 
201U/01 $0utf8 
203@/01 $0803772033 
208@/01 $a10-05-17 $bzUB 
209A/01 $a000 NQ 4700 S158-22 $du $f000 $x00 
209G/01 $a62259205 $x00 
245S/01 $a10200 $x01 
247C/01 $8631000-x <26>Gießen, Universität Gießen, Universitätsbibliothek Gießen $9102596697
LEADER 00000cam a2200000 cc4500
001 400917149
003 DE-603
005 20250509190743.0
007 tu
008 170328s2016 xx |||| | u00||u|pol c
020 |a 9788361850441  |c ARG 
020 |a 9788365254313  |c ŻIH 
035 |a (DE-599)HEB400917149 
035 |a (OCoLC)982581190 
040 |a DE-603  |b ger  |c DE-603  |d DE-603  |e rda 
041 |a pol 
084 |a 290  |q DE-101  |2 sdnb 
084 |a NQ 4700  |0 (DE-625)128514:  |0 (DE-603)410914851  |2 rvk 
245 0 0 |a Archiwum Ringelbluma  |b konspiracyjne Archiwum Getta Warszawy  |n Tom 22  |p Prasa getta warszawskiego : wiadomości z nasłuchu radiowego / opracowali Maria Ferenc Piotrowska, Franciszek Zakrzewski  |c Żydowski Instytut Historyczny im. Emanuela Ringelbluma 
250 |a Wydanie 1 
264 1 |a Warszawa  |b Żydowski Instytut Historyczny im. Emanuela Ringelbluma  |c 2016 
300 |a XLVII, 364 Seiten  |b Karten  |e 1 CD-ROM (12 cm) 
336 |a Text  |b txt  |2 rdacontent 
337 |a ohne Hilfsmittel zu benutzen  |b n  |2 rdamedia 
338 |a Band  |b nc  |2 rdacarrier 
500 |a Literaturverzeichnis: Seite 334-337 
546 |a Englische Zusammenfassung 
650 7 |a Getto  |0 (DE-588)4157319-5  |0 (DE-603)08567575X  |2 gnd 
650 7 |a Untergrundpresse  |0 (DE-588)4186985-0  |0 (DE-603)085915378  |2 gnd 
650 7 |a Rundfunk  |0 (DE-588)4050963-1  |0 (DE-603)085142085  |2 gnd 
651 7 |a Warschau  |0 (DE-588)4079048-4  |0 (DE-603)085224332  |2 gnd 
700 1 |a Ferenc Piotrowska, Maria  |e Mitwirkender  |4 ctb  |0 (DE-603)400916479 
700 1 |a Zakrzewski, Franciszek  |e Mitwirkender  |4 ctb  |0 (DE-603)400916541 
710 2 |a Żydowski Instytut Historyczny im. Emanuela Ringelbluma  |e Herausgebendes Organ  |4 isb  |0 (DE-603)305486640  |0 (DE-588)1024263738  |2 gnd 
773 0 8 |q 222  |w (DE-603)059766867 
856 4 2 |m V:DE-603;B:DE-26  |q application/pdf  |u http://scans.hebis.de/HEBCGI/show.pl?40091714_toc.pdf  |3 Inhaltsverzeichnis 
924 0 |9 30  |a (DE-603)806515694  |b DE-30  |c HES  |d c  |g AVM 22/5308 
924 0 |9 Mb 50  |a (DE-603)80363353X  |b DE-Mb50  |c HES  |d c  |g Mk 801 
924 0 |9 Ds 123  |a (DE-603)1022378058  |b DE-Ds123  |c HES  |d d  |g G Arch/T-22 
924 0 |9 2080  |a (DE-603)1003200087  |b DE-2080  |c HES  |d d  |g / 
924 0 |9 26  |a (DE-603)803772033  |b DE-26  |c HES  |d c  |g 000 NQ 4700 S158-22